| 000 | 00366nam a22001577a 4500 | ||
|---|---|---|---|
| 003 | CEME | ||
| 005 | 20210628203152.0 | ||
| 008 | 210122b xxu||||| |||| 00| 0 eng d | ||
| 040 | _c. | ||
| 082 | _a923.2 JAV | ||
| 100 |
_aJaved Hashmi _963742 |
||
| 245 | _aHa ma baghi hoon | ||
| 260 |
_aRAWALPINDI _bSAGAR PUBLICATIONS _c2005 |
||
| 300 | _aPDF | ||
| 942 |
_cBK _2ddc |
||
| 999 |
_c572468 _d572468 |
||